Statistics for All Indy 500 Winning Drivers

Click here to take the quiz!

General Stats

  • This quiz has been taken 125 times
  • The average score is 33 of 103

Answer Stats

YearCountryDriver% Correct
1969Italy/United StatesMario Andretti
79%
2017JapanTakuma Sato
76%
1961 | 1964 | 1967United StatesA.J. Foyt
70%
2001 | 2002 | 2009BrazilHélio Castroneves
69%
2018AustraliaWill Power
69%
1970 | 1971 | 1978 | +3 othersUnited StatesAl Unser
65%
2005 | 2011United KingdomDan Wheldon
65%
2000 | 2015ColombiaJuan Pablo Montoya
65%
1989 | 1993BrazilEmerson Fittipaldi
63%
2016United StatesAlexander Rossi
60%
2008New ZealandScott Dixon
59%
2019FranceSimon Pagenaud
59%
2013BrazilTony Kanaan
59%
1968 | 1975 | 1981United StatesBobby Unser
56%
2014United StatesRyan Hunter-Reay
55%
1966United KingdomGraham Hill
48%
1995CanadaJacques Villeneuve
46%
2007 | 2010 | 2012United KingdomDario Franchitti
45%
1965United KingdomJim Clark
45%
1979 | 1984 | 1988 | 1991United StatesRick Mears
43%
1986United StatesBobby Rahal
35%
2006United StatesSam Hornish Jr.
35%
1999SwedenKenny Bräck
33%
2003BrazilGil de Ferran
31%
2004United StatesBuddy Rice
29%
1990 | 1997NetherlandsArie Luyendyk
28%
1998United StatesEddie Cheever
28%
1973 | 1982United StatesGordon Johncock
26%
1974 | 1976 | 1980United StatesJohnny Rutherford
25%
1996United StatesBuddy Lazier
24%
1985United StatesDanny Sullivan
24%
1953 | 1954United StatesBill Vukovich
23%
1911United StatesRay Harroun
23%
1983United StatesTom Sneva
19%
1963United StatesParnelli Jones
18%
1959 | 1962United StatesRodger Ward
18%
1937 | 1939 | 1940United StatesWilbur Shaw
16%
1928 | 1933 | 1936United StatesLouis Meyer
15%
1952United StatesTroy Ruttman
15%
1972United StatesMark Donohue
14%
1957United StatesSam Hanks
14%
1960United StatesJim Rathmann
13%
1950United StatesJohnnie Parsons
13%
1956United StatesPat Flaherty
13%
1955United StatesBob Sweikert
11%
1958United StatesJimmy Bryan
11%
1951United StatesLee Wallard
11%
1915United StatesRalph DePalma
11%
1941United StatesFloyd Davis/Mauri Rose
10%
1920FranceGaston Chevrolet
10%
1947 | 1948United StatesMauri Rose
10%
1916United KingdomDario Resta
8%
1926United StatesFrank Lockhart
8%
1932United StatesFred Frame
8%
1946United StatesGeorge Robson
8%
1927United StatesGeorge Souders
8%
1922United StatesJimmy Murphy
8%
1912United StatesJoe Dawson
8%
1913FranceJules Goux
8%
1935United StatesKelly Petillo
8%
1931United StatesLouis Schneider
8%
1914FranceRené Thomas
8%
1921 | 1923United StatesTommy Milton
8%
1949United StatesBill Holland
6%
1930United StatesBilly Arnold
6%
1917United StatesHowdy Wilcox
6%
1924United StatesJoe Boyer/Lora Lawrence Corum
6%
1925United StatesPeter DePaolo
6%
1929United StatesRay Keech
6%
1934United StatesBill Cummings
5%
1938United StatesFloyd Roberts
5%
1977United StatesA. J. Foyt Jr.
1%

Score Distribution

Percentile by Number Answered

Percent of People with Each Score

Your Score History

You have not taken this quiz